000 00501nam a2200169Ia 4500
008 230718s9999 xx 000 0 und d
041 _aeng
082 _a004.165
_bMAZ
100 _aMazidi M.A.
245 _a8051 Microcontroller And Embedded Systems
_bUsing Assembly And C
250 _a2nd ed.
260 _c2000
_bPrintice Hall
300 _a436
_dRef 955 E (27104)
365 _cRs.
_b325.00
700 _aMazidi M.A., Mazidi J.G. & Mckinaly R.D.
906 _dB:225605-Feb-2002
_cETC
_b48.75
999 _c303043
_d303043